Batu berpuaka

Bibliographic Details
Main Author: Nir Shahmir
Format: Book
Published: Skudai : Pustaka Ewan , 2013
Series:Hindari amalan khurafat
Subjects:

MARC

LEADER 00000cam a2200000 7i4500
001 0000167790
005 20130306.0
020 |a 9789673770472 
090 0 0 |a JF   |b NIR 
100 0 |a Nir Shahmir 
245 1 0 |a Batu berpuaka   |c Nir Shahmir 
260 |a Skudai :   |b Pustaka Ewan ,   |c 2013 
300 |a 128p. ;   |c 19cm. 
490 0 |a Hindari amalan khurafat 
650 0 0 |a Children's stories, Malay 
999 |a 00268347   |b BUKU   |c PINJAMAN   |e PERPUSTAKAAN KOMUNITI PETALING JAYA